The old-time power. (Record no. 14235)

000 -LEADER
fixed length control field 00583nam a2200193 a 4500
001 - CONTROL NUMBER
control field :::00012064$&:&@@
003 - CONTROL NUMBER IDENTIFIER
control field OkBaRHE
005 - DATE AND TIME OF LATEST TRANSACTION
control field 20000607103415.0
008 - FIXED-LENGTH DATA ELEMENTS--GENERAL INFORMATION
fixed length control field s1986 j 000 0 eng u
040 ## - CATALOGING SOURCE
Transcribing agency
100 1# - MAIN ENTRY--PERSONAL NAME
Personal name Synan, Vinson.
245 14 - TITLE STATEMENT
Title The old-time power.
250 ## - EDITION STATEMENT
Edition statement Revised edition.
260 ## - PUBLICATION, DISTRIBUTION, ETC. (IMPRINT)
Place of publication, distribution, etc Franklin Springs, GA., :
Name of publisher, distributor, etc Advocate Press
Date of publication, distribution, etc 1986
300 ## - PHYSICAL DESCRIPTION
Extent 308 p. ;
Dimensions 22 cm.
650 ## - SUBJECT ADDED ENTRY--TOPICAL TERM
Topical term or geographic name as entry element Pentecostal Holiness Church
General subdivision History
942 ## - ADDED ENTRY ELEMENTS (KOHA)
Source of classification or shelving scheme
Koha item type Books
Copies
Not for loan Full call number Copy number Date last seen Shelving location Barcode Date acquired Source of classification or shelving scheme Permanent Location Koha item type Withdrawn status Lost status Damaged status Price effective from
 BX 8774 .S9612010-04-14General Stacks120642010-04-14 RHEMA Bible Training CollegeBooks   2010-04-14